<?xml version="1.0" encoding="UTF-8"?>
<record
    xmlns:xsi="http://www.w3.org/2001/XMLSchema-instance"
    xsi:schemaLocation="http://www.loc.gov/MARC21/slim http://www.loc.gov/standards/marcxml/schema/MARC21slim.xsd"
    xmlns="http://www.loc.gov/MARC21/slim">

  <leader>00440nam a22001697a 4500</leader>
  <controlfield tag="005">20170916105705.0</controlfield>
  <controlfield tag="008">170916b        xxu||||| |||| 00| 0 eng d</controlfield>
  <datafield tag="020" ind1=" " ind2=" ">
    <subfield code="a">978-0-07-107774-3</subfield>
  </datafield>
  <datafield tag="041" ind1=" " ind2=" ">
    <subfield code="a">eng</subfield>
  </datafield>
  <datafield tag="082" ind1=" " ind2=" ">
    <subfield code="a">621.317</subfield>
  </datafield>
  <datafield tag="100" ind1=" " ind2=" ">
    <subfield code="a">RAM, BADRI  VISHWAKARMA</subfield>
    <subfield code="9">3923</subfield>
  </datafield>
  <datafield tag="245" ind1=" " ind2=" ">
    <subfield code="a">POWER SYSTEM PROTECTION AND SWITCHGEAR</subfield>
  </datafield>
  <datafield tag="250" ind1=" " ind2=" ">
    <subfield code="a">2nd</subfield>
  </datafield>
  <datafield tag="260" ind1=" " ind2=" ">
    <subfield code="a">NEW DELHI</subfield>
    <subfield code="b">MC GRAW HILL EDUCATION PVT. LTD</subfield>
    <subfield code="c">2011</subfield>
  </datafield>
  <datafield tag="300" ind1=" " ind2=" ">
    <subfield code="a">669p.</subfield>
  </datafield>
  <datafield tag="942" ind1=" " ind2=" ">
    <subfield code="c">BK</subfield>
  </datafield>
  <datafield tag="999" ind1=" " ind2=" ">
    <subfield code="c">5566</subfield>
    <subfield code="d">5564</subfield>
  </datafield>
  <datafield tag="952" ind1=" " ind2=" ">
    <subfield code="0">0</subfield>
    <subfield code="1">0</subfield>
    <subfield code="4">0</subfield>
    <subfield code="7">0</subfield>
    <subfield code="a">JRU</subfield>
    <subfield code="b">MAIN</subfield>
    <subfield code="c">SHELF-36-D</subfield>
    <subfield code="d">2017-09-16</subfield>
    <subfield code="e">PURCHESS</subfield>
    <subfield code="g">565.00</subfield>
    <subfield code="l">6</subfield>
    <subfield code="m">3</subfield>
    <subfield code="o">621.317</subfield>
    <subfield code="p">21914</subfield>
    <subfield code="r">2019-09-13 00:00:00</subfield>
    <subfield code="s">2019-09-04</subfield>
    <subfield code="w">2017-09-16</subfield>
    <subfield code="y">BK</subfield>
  </datafield>
  <datafield tag="952" ind1=" " ind2=" ">
    <subfield code="0">0</subfield>
    <subfield code="1">0</subfield>
    <subfield code="4">0</subfield>
    <subfield code="7">0</subfield>
    <subfield code="a">JRU</subfield>
    <subfield code="b">MAIN</subfield>
    <subfield code="c">SHELF-36-D</subfield>
    <subfield code="d">2017-09-16</subfield>
    <subfield code="e">PURCHESS</subfield>
    <subfield code="g">565.00</subfield>
    <subfield code="l">6</subfield>
    <subfield code="m">3</subfield>
    <subfield code="o">621.317</subfield>
    <subfield code="p">21915</subfield>
    <subfield code="r">2019-12-19 00:00:00</subfield>
    <subfield code="s">2019-11-30</subfield>
    <subfield code="w">2017-09-16</subfield>
    <subfield code="y">BK</subfield>
  </datafield>
  <datafield tag="952" ind1=" " ind2=" ">
    <subfield code="0">0</subfield>
    <subfield code="1">0</subfield>
    <subfield code="4">0</subfield>
    <subfield code="7">0</subfield>
    <subfield code="a">JRU</subfield>
    <subfield code="b">MAIN</subfield>
    <subfield code="c">SHELF-6-B</subfield>
    <subfield code="d">2017-09-16</subfield>
    <subfield code="e">PURCHESS</subfield>
    <subfield code="g">565.00</subfield>
    <subfield code="l">2</subfield>
    <subfield code="o">621.317</subfield>
    <subfield code="p">21916</subfield>
    <subfield code="r">2019-09-03 00:00:00</subfield>
    <subfield code="s">2019-08-27</subfield>
    <subfield code="w">2017-09-16</subfield>
    <subfield code="y">BK</subfield>
  </datafield>
  <datafield tag="952" ind1=" " ind2=" ">
    <subfield code="0">0</subfield>
    <subfield code="1">0</subfield>
    <subfield code="4">0</subfield>
    <subfield code="7">0</subfield>
    <subfield code="a">JRU</subfield>
    <subfield code="b">MAIN</subfield>
    <subfield code="c">SHELF-36-D</subfield>
    <subfield code="d">2017-09-16</subfield>
    <subfield code="e">PURCHESS</subfield>
    <subfield code="g">565.00</subfield>
    <subfield code="l">6</subfield>
    <subfield code="o">621.317</subfield>
    <subfield code="p">21917</subfield>
    <subfield code="r">2021-02-18 00:00:00</subfield>
    <subfield code="s">2020-07-29</subfield>
    <subfield code="w">2017-09-16</subfield>
    <subfield code="y">BK</subfield>
  </datafield>
  <datafield tag="952" ind1=" " ind2=" ">
    <subfield code="0">0</subfield>
    <subfield code="1">0</subfield>
    <subfield code="4">0</subfield>
    <subfield code="7">0</subfield>
    <subfield code="8">REF</subfield>
    <subfield code="a">JRU</subfield>
    <subfield code="b">MAIN</subfield>
    <subfield code="c">SHELF-60-E</subfield>
    <subfield code="d">2017-09-16</subfield>
    <subfield code="e">PURCHESS</subfield>
    <subfield code="g">565.00</subfield>
    <subfield code="l">11</subfield>
    <subfield code="m">2</subfield>
    <subfield code="o">621.317</subfield>
    <subfield code="p">21918</subfield>
    <subfield code="q">2020-11-02</subfield>
    <subfield code="r">2020-08-04 00:00:00</subfield>
    <subfield code="s">2020-08-04</subfield>
    <subfield code="w">2017-09-16</subfield>
    <subfield code="y">BK</subfield>
  </datafield>
</record>
